| 000 | 00396nam a2200145 a 4500 | ||
|---|---|---|---|
| 005 | 20140412111415.0 | ||
| 008 | 070718s19uu xx 00 eng d | ||
| 020 | _a0-7460-6324-5 | ||
| 050 |
_aER _bPr93 2004 |
||
| 100 | _aAndersen, Hans Christian | ||
| 245 |
_aThe princess and the pea / _cHans Christian Andersen. |
||
| 260 |
_aU.S.A : _bUsborne Pub, _c2004. |
||
| 300 | _a48 | ||
| 999 |
_c105819 _d105819 |
||